00367pab a2200121 454500008004000000100002700040245010000067260000900167300001500176362000800191650001500199773003100214180718b2010 xxu||||| |||| 00| 0 eng d aLambright, Kristina T. aAn update of a classic: applying expectancy theory to understand contracted provider motivation c2010 ap.375-403. aJul aMotivation aAdministration and Society